مكتبة جامعة عجلون الوطنية

فهرس بحث المكتبة

تقييم كفاءة أداء البنوك الجزائرية باستخدام النسب المالية ونموذج حد التكلفة العشوائية خلال الفترة(2004- 2008) = Evaluating Performance Efficiency of Algerian Banks By Using Financial Ratios and Stochastic Cost Frontier Analysis During the Period(2004-2008 / (Record no. 32980)

MARC details
000 -LEADER
fixed length control field 01453nam a2200265Ii 4500
003 - CONTROL NUMBER IDENTIFIER
control field JO-AjNU
005 - DATE AND TIME OF LATEST TRANSACTION
control field 20240623131815.0
008 - FIXED-LENGTH DATA ELEMENTS--GENERAL INFORMATION
fixed length control field 230605s9999||||xx |||||||||||||| ||und||
040 ## - CATALOGING SOURCE
Original cataloging agency JO-AjNU
Language of cataloging ara
Description conventions rda
Transcribing agency JO-AjNU
041 ## - LANGUAGE CODE
Language code of text/sound track or separate title ara
050 ## - LIBRARY OF CONGRESS CALL NUMBER
Classification number HG3383.
Item number A6.N8943 2010
100 #1 - MAIN ENTRY--PERSONAL NAME
Personal name نوي، فطيمة الزهرة
9 (RLIN) 64883
Relator term معد
245 #0 - TITLE STATEMENT
Title تقييم كفاءة أداء البنوك الجزائرية باستخدام النسب المالية ونموذج حد التكلفة العشوائية خلال الفترة(2004- 2008) = Evaluating Performance Efficiency of Algerian Banks By Using Financial Ratios and Stochastic Cost Frontier Analysis During the Period(2004-2008 /
Statement of responsibility, etc. إعداد فطيمة الزهرة نوي ؛ إشراف وليد حميدات.
260 ## - PUBLICATION, DISTRIBUTION, ETC.
Date of publication, distribution, etc. 2010
300 ## - PHYSICAL DESCRIPTION
Extent 147 ورقة
336 ## - CONTENT TYPE
Content type term text
Content type code txt
Source rdacontent
337 ## - MEDIA TYPE
Media type term unmediated
Media type code n
Source rdamedia
338 ## - CARRIER TYPE
Carrier type term volume
Carrier type code nc
Source rdacarrier
500 ## - GENERAL NOTE
General note رسالة جامعية (ماجستير).- جامعة اليرموك (إربد، الأردن) ، كلية الإقتصاد والعلوم الإدارية ، قسم العلوم المالية والمصرفية، 2010.
501 ## - WITH NOTE
With note تحتوي على ملاحق
504 ## - BIBLIOGRAPHY, ETC. NOTE
Bibliography, etc. note تحتوي على مراجع باللغتين العربية والانجليزية
650 40 - SUBJECT ADDED ENTRY--TOPICAL TERM
Topical term or geographic name entry element بنوك-استثمار-الجزائر
9 (RLIN) 64880
700 #1 - ADDED ENTRY--PERSONAL NAME
Personal name حميدات، وليد
9 (RLIN) 64882
Relator term مشرف
942 ## - ADDED ENTRY ELEMENTS (KOHA)
Source of classification or shelving scheme Library of Congress Classification
Koha item type Thesis
Holdings
Withdrawn status Lost status Source of classification or shelving scheme Damaged status Not for loan Home library Current library Shelving location Date acquired Total Checkouts Full call number Barcode Date last seen Price effective from Koha item type
    Library of Congress Classification     مكتبة جامعة عجلون الوطنية مكتبة جامعة عجلون الوطنية المجموعات العامة 23/06/2024   HG3383.A6.N8943 2010 A29412 06/06/2023 23/06/2024 Thesis